| 000 | 00453nam a22001817a 4500 | ||
|---|---|---|---|
| 003 | 0 | ||
| 005 | 20230925074959.0 | ||
| 008 | 230925b xxu||||| |||| 00| 0 eng d | ||
| 020 | _a978-1481488-15-0 | ||
| 050 |
_aPZ 7 _b.N43 2017 |
||
| 100 | _aNelson, Blake | ||
| 245 |
_aBoy : a novel _cBlake Nelson |
||
| 260 |
_aNew York _bSimon Pulse _cc2017. |
||
| 300 |
_a359 pages ; _c22cm. |
||
| 500 | _aFiction. | ||
| 650 | _aFiction. | ||
| 942 |
_2lcc _cBK |
||
| 999 |
_c365371 _d365371 |
||